Concepts of programming languages

Guardat en:
Dades bibliogràfiques
Autor principal: Sebesta, Robert W (Autor)
Format: Llibre
Idioma:anglès
Publicat: Harlow Pearson Education Limited 2016
Edició:11a. ed
Matèries:
Etiquetes: Afegir etiqueta
Sense etiquetes, Sigues el primer a etiquetar aquest registre!

MARC

LEADER 00000cam a2200000 a 4500
001 UCC5781
003 CL-VaPUC
008 181026e20160000uk |||||||||||||||||eng|d
020 |a 9781292100555 
082 0 4 |a 005.262  |b SEB  |2 21 
100 0 |a Sebesta, Robert W  |e author  |9 600148 
245 1 0 |a Concepts of programming languages 
250 |a 11a. ed 
300 |a 785 p 
942 |c BK 
945 |d 20181026 16:22:00  |a dcastane 
260 |a Harlow  |b Pearson Education Limited  |c 2016 
650 0 |a Lenguajes de programación   |9 259458 
650 0 |a Programación de computadores   |9 259531 
583 |a last modification  |c 20181026 16:22:00  |k Rodrigo Vera 
999 |c 372895  |d 372893 
952 |0 0  |1 0  |3 erb  |4 0  |6 005_262000000000000_SEB_2016  |7 0  |8 A  |9 490773  |a BIBGIM  |b BIBGIM  |i 5510465  |o 005.262 SEB 2016  |p 5510465  |r 2025-01-15  |w 2019-11-24  |y BK  |z Catalogado en:20181026  |k EST 
952 |0 0  |1 0  |3 erb  |4 0  |6 005_262000000000000_SEB_2016  |7 0  |8 A  |9 490774  |a BIBGIM  |b BIBGIM  |i 551049K  |o 005.262 SEB 2016  |p 551049K  |r 2025-01-15  |w 2019-11-24  |y BK  |z Catalogado en:20181026  |k EST 
952 |0 0  |1 0  |3 erb  |4 0  |6 005_262000000000000_SEB_2016  |7 0  |8 A  |9 490775  |a BIBGIM  |b BIBGIM  |i 5510481  |l 1  |o 005.262 SEB 2016  |p 5510481  |r 2025-01-15  |s 2024-03-11  |w 2019-11-24  |y BK  |z Catalogado en:20181026  |k EST 
952 |0 0  |1 0  |3 erb  |4 0  |6 005_262000000000000_SEB_2016  |7 0  |8 A  |9 490776  |a BIBGIM  |b BIBGIM  |i 5510473  |o 005.262 SEB 2016  |p 5510473  |r 2025-01-15  |w 2019-11-24  |y BK  |z Catalogado en:20181026  |k EST